| 000 | 00388nam a2200169Ia 4500 | ||
|---|---|---|---|
| 008 | 221030s9999 xx 000 0 und d | ||
| 020 | _a0070482853 | ||
| 041 | _aEnglish | ||
| 082 |
_a105.23 _bPab |
||
| 100 | _aA. S. Pabla | ||
| 245 | 0 |
_aElectric Power Distribution _cby A. S. Pabla |
|
| 250 | _a5th | ||
| 260 |
_bTMH _aNew Delhi _c2006 |
||
| 300 | _a878 | ||
| 650 | _aEE | ||
| 942 | _cBK | ||
| 999 |
_c4260 _d4260 |
||